Obchodní společnost nově. 5. Podnikatel a paragrafy.

Účastinná spoločnosť predstavuje zavęšenú právnu formu obchodnej spoločnosti kapitálového typu. Môže byť založená nielen za účelom zárobkového podnikania ale aj za nezárobkovým, nepodnikateľským účelom. Jej základným inštitútom je účastina - cenný papier prezentujúci podiel spoločníka na základnom m...

Descrizione completa

Salvato in:
Dettagli Bibliografici
Natura: Capitolo di libro
Lingua:ceco
Soggetti:
Tags: Aggiungi Tag
Nessun Tag, puoi essere il primo ad aggiungerne!!

MARC

LEADER 00000naa a2200000 4500
001 r007351
005 20220831083907.3
041 0 |a cze 
044 |a [CS] 
245 1 0 |a Obchodní společnost nově. 5.  |b Podnikatel a paragrafy. 
520 |a Účastinná spoločnosť predstavuje zavęšenú právnu formu obchodnej spoločnosti kapitálového typu. Môže byť založená nielen za účelom zárobkového podnikania ale aj za nezárobkovým, nepodnikateľským účelom. Jej základným inštitútom je účastina - cenný papier prezentujúci podiel spoločníka na základnom majetku. Rozlíšenie účastín na meno a na majiteľa. Možnosť vydávania zamestnaneckých a prioritných účastín. 
610 2 0 |a spoločnosti akciové 
610 2 0 |a akcie 
610 2 0 |a právo obchodné